Statistics for Countries That Come Last In Their Alphabetical Order

Click here to take the quiz!

General Stats

  • This quiz has been taken 43 times
  • The average score is 19 of 24

Answer Stats

LetterLast Country% Correct
YYemen
97%
FFrance
92%
ZZimbabwe
92%
AAzerbaijan
89%
OOman
89%
QQatar
89%
KKyrgyzstan
84%
UUzbekistan
84%
VVietnam
84%
HHungary
82%
JJordan
82%
RRwanda
82%
CCzech Republic
79%
EEthiopia
79%
GGuyana
79%
BBurundi
74%
DDominican Republic
74%
TTuvalu
74%
MMyanmar
71%
LLuxembourg
68%
SSyria
66%
IIvory Coast
63%
PPortugal
63%
NNorway
58%

Score Distribution

Percentile by Number Answered

Percent of People with Each Score

Your Score History

You have not taken this quiz